Champions League appearance record - Statistics

General Stats
  • This quiz has been taken 11 times
  • The average score is 5 of 10
Answer Stats
Apps Answer % Correct
143 Ronaldo
100%
144 Raul
75%
139 Maldini
63%
168 Casillas
50%
151 Giggs
50%
130 Scholes
50%
128 Carlos
38%
127 Alonso
25%
157 Hernandez
13%
131 Seedorf
13%
No matching quizzes found
Score Distribution
Percent of People with Each Score
Percentile by Number Answered
Your Score History
You have not taken this quiz